| 000 | 00458nam a2200193Ia 4500 | ||
|---|---|---|---|
| 008 | 210210b1964 xxu||||| |||| 00| 0 eng d | ||
| 041 | _aeng | ||
| 082 | _a383/109 | ||
| 100 | _aKISHORE (K) | ||
| 245 | _aCompany law and secretarial practice | ||
| 260 |
_aBombay _bAsia Publishing House _c1964 |
||
| 300 | _axii,748 | ||
| 650 | _asecretarial | ||
| 650 | _apractice | ||
| 650 | _alaw | ||
| 650 | _aCompany | ||
| 690 | _aCompany Law | ||
| 906 | _a005305 | ||
| 999 |
_c125242 _d125242 |
||